Statistics for Assets owned by WarnerMedia

Click here to take the quiz!

General Stats

  • This quiz has been taken 155 times
  • The average score is 7 of 15

Answer Stats

HintAnswer% Correct
Marvel's less successful competitor - Batman, Superman, Wonder Woman, Suicide SquadDC Films
92%
The company's flagship film studio - Dark Knight, Harry Potter, Inception, The MatrixWarner Bros. Pictures
90%
Trump calls this cable news network 'FAKE' - Jake Tapper, Anderson Cooper, Wolf BlitzerCNN
86%
Cable company that ushered in 'the Golden Age of TV' - Sopranos, Game of Thrones, The Wire, VeepHBO
83%
TV channel for children - Dexter's Laboratory, Powerpuff Girls, Cow & Chicken, Johnny BravoCartoon Network
72%
The late-night programming block of the previous answer - Rick & Morty, Robot Chicken, Harvey BirdmanAdult Swim
65%
Classic cartoon franchise - Bugs Bunny et alLooney Tunes
59%
The name of the franchise for Harry Potter / Fantastic Beasts films and its associated products / theme parks etc.The Wizarding World
41%
TV channel pretty much only known for Conan O'Brien's show after he was pushed out of NBC.TBS
39%
Cable channel airing classic films from this company's, MGM's + RKO's librariesTCM
32%
Cable channel with a mix of drama, reality, sports, movies + reruns - SnowpiercerTNT
27%
Cable channel originally devoted to crime documentaries + legal dramas, now shows mostly reality shows - Impractical Jokers, Adam Ruins Everything, Top 20 Most Shocking...TruTV
21%
Originally small film studio with very successful films - Lord of the Rings, Elf, Austin Powers, Nightmare on Elm StreetNew Line Cinema
16%
The company's flagship animation studio - Lego Movie, Smallfoot, Tom & Jerry, Scooby-DooWarner Animation Group
15%
Production company set up by Rob Reiner in the 80s - Shawshank Redemption, Green Mile, A Few Good Men, The Bucket ListCastle Rock Entertainment
8%

Score Distribution

Percentile by Number Answered

Percent of People with Each Score

Your Score History

You have not taken this quiz